000
00341nam a2200121Ia 4500
008
151001s9999||||xx |||||||||||||| ||und||
100
_a
S. Raja Raghunathrao
245
_a
Royal coronation & My second to
260
_b
Authors press
260
_c
1937
300
_a
139
365
_b
10
999
_c
950086
_d
950083